000 00421pab a2200169 454500
008 180718b2002 xxu||||| |||| 00| 0 eng d
100 _aGupta, Sanjay
245 _aNetworking and partnership in open distance education
260 _c2002
300 _ap.23-26
362 _a28 Jan
650 _aEducation
650 _aDistance education
700 _aPanda, Santosh
773 _aUniversity News
909 _a51501
999 _c51501
_d51501